| 000 | 00000nas##2200000za#4500 |
| 001 | 9.510803 |
| 003 | CaOODSP |
| 005 | 20210305160057 |
| 007 | ta |
| 008 | 150406c2002||||xxc|| m #||||f| |0fre|d |
| 040 | |aCaOODSP|bfre |
| 041 | |aeng |
| 041 | |afre |
| 043 | |an-cn--- |
| 086 | 1 |aXC67-372/1-1-0 |
| 110 | 1 |aCanada. |bParlement. |bChambre des communes. |bComité permanent du développement des ressources humaines et de la condition des personnes handicapées. |
| 245 | 10|aRapport du Comité permanent du développement des ressources humaines et de la condition des personnes handicapées / |cPrésidente: Judi Longfield. |
| 260 | |aOttawa - Ontario : |bChambre des communes. |
| 310 | |aIrrégulier |
| 362 | 1 |a2e session, 37e législature |
| 563 | |aCouverture souple |
| 791 | |tReport of the Standing Committee on Human Resources Development and the Status of Persons with Disabilities / |eeng|w(CaOODSP)9.510802 |